01089cam a22002532i 4500001001300000003000700013005001700020008004100037020003800078040001800116042000900134084001800143090001000161245009600171250001100267260004400278300001800322650002400340650001800364650002100382942001400403999001500417952040300432CIP114012464YEEZEN20260112133552.0250827s2025 ch e 000 0 chi d a9789863708612q(平裝) :cNT$380 aCIPbchicCIP anbic a411.32ncsclt a411.310a7天吃出光澤肌膚&健康體態,打造逆齡身體! /c菊池真由子作; 邱佳葳譯 a初版 a新北市 :b楓葉社文化, c2025.10 a面 ;c公分 72lcstta健康飲食 72lcstta營養 72lcstta健康法 2cclcBOOK c7683d7683 00102ccl4070ayeezenbyeezencYEEZENd2026-01-12l4o411.3pC03269r2026-04-08 00:00:00s2026-03-23w2026-01-12yBOOKz食物是人們攝取營養的主要來源, 不同的食物組合, 也會對身體帶來不一樣的影響。 這些搭配就像魔法咒語的組合, 針對不同情況,對應不同組合, 用天然的方式對症下藥, 即能補充最精華、純粹的營養。